| 000 | 00573nam a2200193Ia 4500 | ||
|---|---|---|---|
| 003 | OSt | ||
| 005 | 20260223151659.0 | ||
| 008 | 250729s2005 xx 000 0 und d | ||
| 040 | _cAL | ||
| 041 | _akan | ||
| 082 | _a371.425 PRAS | ||
| 100 |
_aಪ್ರಭು ರಾಜು ಜಿ _9229547 |
||
| 245 | _aಶಿಕ್ಷಣದಲ್ಲಿ ವೃತ್ತಿ ಮಾರ್ಗದರ್ಶನ ಮತ್ತು ಸಲಹೆ | ||
| 260 |
_aಗದಗ _c2005 |
||
| 300 | _a260p | ||
| 650 |
_aVocational Guidance _9229548 |
||
| 700 |
_aRao Digumurthi _9229549 |
||
| 942 |
_2ddc _cBED |
||
| 999 |
_c238368 _d238368 |
||